书目信息 |
| 题名: |
互联网+精准农业
|
|
| 作者: | 景通桥 , 张满江 , 马芳霞 编著 | |
| 分册: | ||
| 出版信息: | 北京 中国纺织出版社 2018.07 |
|
| 页数: | 232页 | |
| 开本: | 24cm | |
| 丛书名: | ||
| 单 册: | ||
| 中图分类: | S127 | |
| 科图分类: | ||
| 主题词: | 互联网络--应用--精准农业 | |
| 电子资源: | ||
| ISBN: | 978-7-5180-4954-7 | |
| 000 | 00952nam0 2200253 450 | |
| 001 | 1406 | |
| 005 | 20180928095845.33 | |
| 010 | @a978-7-5180-4954-7@dCNY48.00 | |
| 100 | @a20180714d2018 em y0chiy50 ea | |
| 101 | 0 | @achi |
| 102 | @aCN@b110000 | |
| 105 | @aa z 000yy | |
| 200 | 1 | @a互联网+精准农业@9hu lian wang + jing zhun nong ye@dInternet + precision agriculture@f景通桥,张满江,马芳霞编著@zeng |
| 210 | @a北京@c中国纺织出版社@d2018.07 | |
| 215 | @a232页@c图@d24cm | |
| 330 | @a本书介绍了中国传统农业的转型与变革、精准农业的概念与构成要素、精准农业的主要工具,并就精准农业在播种、施肥喷药、智能灌溉和精准收割的具体运用,有理论高度。 | |
| 510 | 1 | @aInternet + precision agriculture@zeng |
| 606 | 0 | @a互联网络@x应用@x精准农业 |
| 690 | @aS127@v5 | |
| 701 | 0 | @a景通桥@9jing tong qiao@4编著 |
| 701 | 0 | @a张满江@9zhang man jiang@4编著 |
| 701 | 0 | @a马芳霞@9ma fang xia@4编著 |
| 801 | 0 | @aCN@b91MARC@c20180714 |
| 905 | @aMuseLib@dS127@e97 | |
| 互联网+精准农业=Internet + precision agriculture/景通桥,张满江,马芳霞编著.-北京:中国纺织出版社,2018.07 |
| 232页:图;24cm |
| ISBN 978-7-5180-4954-7:CNY48.00 |
| 本书介绍了中国传统农业的转型与变革、精准农业的概念与构成要素、精准农业的主要工具,并就精准农业在播种、施肥喷药、智能灌溉和精准收割的具体运用,有理论高度。 |
| ● |
| 相关链接 |
|
|
|
|
正题名:互联网+精准农业
索取号:S127/97
 
预约/预借
| 序号 | 登录号 | 条形码 | 馆藏地/架位号 | 状态 | 备注 |
| 1 | 1122521 | 211225217 | 第二样本阅览室/ [索取号:S127/97] | 在馆 | |
| 2 | 1122522 | 211225226 | 第三借阅区/ [索取号:S127/97] | 在馆 | |
| 3 | 1122523 | 211225235 | 第三借阅区/ [索取号:S127/97] | 在馆 | |
| 4 | 1122524 | 211225244 | 第三借阅区/ [索取号:S127/97] | 在馆 | |
| 5 | 1122525 | 211225253 | 第三借阅区/ [索取号:S127/97] | 在馆 |